Percipovaná sociálna opora v kontexte dimenzie osobnosti

Bibliographic Details
Main Author: Koubeková, Eva (Author)
Format: Article
Language:Slovak
PhysicalDescription:Tab.
ISBN:80-969277-6-0
Subjects:

MARC

LEADER 00000naa a2200000 a 4500
001 vtls010254471
003 SK-MaSNL
005 20260302132429.0
008 11030216c2005 xo o e sl
035 |a SVKKK000083012 
038 |a SVKKK 
040 |a SVKKK  |b slo  |c SVKKK  |e AACR2 
041 0 |a slo  |b slo 
044 |a xo  |c SK 
080 |a 159.923  |2 1997 
080 |a 316.61  |2 1997 
080 |a 376.2  |2 1997 
100 1 |a Koubeková, Eva  |4 aut  |9 807724 
245 1 0 |a Percipovaná sociálna opora v kontexte dimenzie osobnosti  |c Eva Koubeková 
300 |b Tab. 
504 |a Bibliogr. odkazy 
504 |a Res. slov. 
650 0 7 |a osobnosť  |x sociálna opora  |x telesné postihnutie  |x korelačná analýza  |2 snkbucl  |9 817493 
773 0 |t Tradície, premeny a perspektívy psychologického poradenstva a súčasná škola  |d Košice : Pedagogicko-psychologická poradňa pre stredné školy v Košiciach, 2005  |z 80-969277-6-0  |g S. 423-429 
852 |a SVKKK  |b BIB 
958 |a NB 
958 |a ZB 
999 |c 1313421  |d 1315351